[Event "Marienbad IM-III 2022"]
[Site "Marianske Lazne"]
[Date "2022.01.18"]
[Round "5.22"]
[White "Hollan, Martin"]
[Black "Dev, Shah"]
[Result "1/2-1/2"]
[WhiteElo "2361"]
[BlackElo "2243"]
[Annotator "RC"]
[PlyCount "81"]
[EventDate "2022.01.15"]
[EventType "tourn"]
[EventCountry "CZE"]
[SourceTitle "playchess.com"]
[Source "ChessBase"]
[SourceQuality "1"]
[TimeControl "40/5400+30:1800+30"]

1. e4 {[%emt 0:00:02]} e5 {[%emt 0:07:51]} 2. Nf3 {[%emt 0:00:07]} Nc6 {[%emt 0:00:07]} 3. Bc4 {[%emt 0:00:07]} Bc5 {[%emt 0:00:13]} 4. c3 {[%emt 0:00:06]} Nf6 {[%emt 0:00:05]} 5. d4 {[%emt 0:00:06]} exd4 {[%emt 0:00:07]} 6. b4 {[%emt 0:00:07]} Be7 {[%emt 0:01:48]} 7. e5 {[%emt 0:00:45]} Ne4 {[%emt 0:00:24]} 8. b5 {[%emt 0:00:19]} Na5 {[%emt 0:00:06]} 9. Bd3 {[%emt 0:00:19]} Nxc3 {[%emt 0:04:15]} 10. Nxc3 {[%emt 0:00:08]} dxc3 {[%emt 0:00:04]} 11. Qa4 {[%emt 0:00:09]} c6 {[%emt 0:05:29]} 12. O-O {[%emt 0:03:12]} cxb5 {[%emt 0:05:59]} 13. Bxb5 {[%emt 0:01:40]} O-O {[%emt 0:00:41]} 14. Rd1 {[%emt 0:10:14]} a6 {[%emt 0:13:47]} 15. Bd3 {[%emt 0:02:23]} d5 {[%emt 0:20:57]} 16. exd6 {[%emt 0:00:34]} Bf6 {[%emt 0:00:13]} 17. d7 {[%emt 0:40:10]} Bxd7 {[%emt 0:03:00]} 18. Bxh7+ {[%emt 0:00:26]} Kxh7 {[%emt 0:00:07]} 19. Rxd7 {[%emt 0:00:05]} Qe8 {[%emt 0:03:19]} 20. Bg5 {[%emt 0:07:25]} Rd8 {[%emt 0:06:34]} 21. Bxf6 {[%emt 0:01:29]} gxf6 {[%emt 0:00:06]} 22. Qc2+ {[%emt 0:06:30]} Kg7 {[%emt 0:01:03]} 23. Rc7 {[%emt 0:01:03]} Qb5 {[%emt 0:06:36]} 24. Rxc3 {[%emt 0:04:15]} Rd5 {[%emt 0:00:37]} 25. Nd4 {[%emt 0:01:59]} Qb4 {[%emt 0:05:49]} 26. Rg3+ {[%emt 0:07:44]} Rg5 {[%emt 0:00:01]} 27. Qe4 {[%emt 0:04:47]} Nc6 {[%emt 0:01:02]} 28. Rh3 {[%emt 0:02:10]} Rg8 {[%emt 0:01:40]} 29. Nf5+ {[%emt 0:06:02]} Kf8 {[%emt 0:00:10]} 30. Qxb4+ {[%emt 0:00:26]} Nxb4 {[%emt 0:00:04]} 31. Ne3 {[%emt 0:00:26]} Nd5 {[%emt 0:01:34]} 32. Nxd5 {[%emt 0:00:27]} Rxd5 {[%emt 0:00:06]} 33. Rf3 {[%emt 0:00:37]} Kg7 {[%emt 0:00:31]} 34. h4 {[%emt 0:00:35]} Rgd8 {[%emt 0:00:03]} 35. Rg3+ {[%emt 0:00:25]} Kh7 {[%emt 0:00:35]} 36. Rf3 {[%emt 0:00:27]} Rd1+ {[%emt 0:00:14]} 37. Rxd1 {[%emt 0:00:04]} Rxd1+ {[%emt 0:00:06]} 38. Kh2 {[%emt 0:00:03]} Rd2 {[%emt 0:00:53]} 39. Rxf6 {[%emt 0:00:46]} Kg7 {[%emt 0:00:05]} 40. Rf3 {[%emt 0:01:15]} Rxa2 {[%emt 0:00:07]} 41. h5 {[%emt 0:07:45]} 1/2-1/2

[Event "Marienbad IM-III 2022"]
[Site "Marianske Lazne"]
[Date "2022.01.18"]
[Round "5.23"]
[White "Pourquet, Matthieu"]
[Black "Mica, Marek"]
[Result "0-1"]
[WhiteElo "2169"]
[BlackElo "2303"]
[Annotator "TA"]
[PlyCount "58"]
[EventDate "2022.01.15"]
[EventType "tourn"]
[EventCountry "CZE"]
[SourceTitle "playchess.com"]
[Source "ChessBase"]
[SourceQuality "1"]

{[%evp 9,58,-19,-8,-13,0,0,26,22,41,47,89,-22,0,0,0,0,0,8,0,-16,-14,-38,42,18,139,117,191,163,194,198,194,202,228,0,0,-149,0,0,0,0,0,-29995,-29996,-29996,-29996,-29996,-29997,-29997,-29998,-29998,-29999]} 1. Nf3 d5 {[%cal Bd7d5,Bd5d4][%mdl 32]} 2. c4 d4 3. b4 g5 {[%cal Bg7g5,Bg5g4][%mdl 32]} 4. g3 g4 5. Nh4 e5 6. Bg2 {A09: Réti Opening: 1 Nf3 d5 2 c4.} Be7 {[#]} 7. d3 $146 ({Predecessor:} 7. Bb2 Nh6 8. h3 Bxh4 9. gxh4 gxh3 10. Bxh3 Bxh3 11. Rxh3 Rg8 12. Qa4+ Nc6 13. d3 {0-1 (32) Resika,N (2155)-Perrine,D (2247) Charlotte 2021}) 7... Bxb4+ 8. Nd2 $1 {And now Qa4+ would win. White has an edge.} Be7 9. Rb1 c6 (9... Bxh4 $14 10. gxh4 Ne7) 10. Qa4 (10. O-O $16) 10... f5 (10... Bxh4 11. gxh4 Qc7 12. O-O $14) 11. h3 {Strongly threatening hxg4.} Bxh4 12. gxh4 Nf6 13. hxg4 Nxg4 14. Ba3 Rg8 15. c5 {[%cal Bc4c5,Bc5b6][%mdl 32]} Rg7 ({Black should play} 15... Nf6 $15 16. Kf1 Nd5) 16. Nc4 $14 Kf8 (16... Qd7 $11) 17. Nb6 $1 $16 axb6 (17... Nf6 $16 {might work better.}) 18. cxb6+ Ke8 {[%cal Bf8e8,Be8d7,Bd7d8][%mdl 32]} 19. Qxa8 Na6 20. Rg1 Kd7 {[%cal Oe5e4] [#]} 21. Kd2 $2 (21. Bxc6+ $1 $18 {[%mdl 512]} Kxc6 22. f3) 21... e4 $1 $11 {Hoping for ...Qg8.} 22. dxe4 (22. f3 $1 $11 {keeps the balance.} Qg8 23. fxg4 Rxg4 24. Bxe4 Qxa2+ 25. Rb2 Qxa3 26. Bxf5+ Kd6 27. Bxg4 Qxb2+ 28. Ke1 Qc1+ 29. Kf2 Qe3+ 30. Kf1 Qf4+ 31. Bf3 Bh3+ 32. Rg2 $1 Bxg2+ 33. Kxg2 Qxh4 34. Qxb7 Qg5+ 35. Kh3 Qf5+ 36. Kh2 Qf4+ 37. Kh3 (37. Kg2 Qg5+ 38. Kh3 Qf5+ 39. Kh2 Qf4+ 40. Kh1 Qc1+ 41. Kh2 Qf4+ $11) 37... Qf5+ 38. Kh4 Qf4+ 39. Kh5 Qf5+ 40. Kh4 Qf4+ 41. Kh5 Qf5+ 42. Kh4) 22... Qxh4 (22... Qg8 $1 $17 {[%cal Rg8a2]} 23. Bf3 (23. exf5 $2 Qxa2+ 24. Bb2 Qa5+ 25. Kc1 Nxf2 $19) (23. Rb3 Nxf2 24. e5 Kd8 $15) 23... Qxa2+ 24. Bb2 Rg8 25. Bxg4 (25. exf5 $2 Qa5+ 26. Kc1 Ne3 $19) 25... Rxg4 26. Rxg4 fxg4) 23. exf5 ({Not} 23. Bf8 $2 Qxf2 $1 24. Rbc1 (24. Bxg7 Qe3+ 25. Kd1 Qc3) 24... Rg8 25. exf5 Qf4+ 26. Kc2 Rxf8 $19) 23... Qxf2 24. Bxc6+ $1 Kd8 $1 {( -> ...Qe3+). The board is on fire.} (24... bxc6 $2 25. Rb3 $1 {[%mdl 512]} Qf4+ 26. Kc2 Ne3+ 27. Rxe3 $1 {[%mdl 512]} Qxf5+ 28. Rd3 Rxg1 29. Qa7+ Ke6 30. Qe7+ Kd5 31. Qd6+ Kc4 32. Qxd4+ Kb5 33. Qxg1 $18) 25. Bxb7 $4 {[%mdl 8192]} Qe3+ {Black mates.} 26. Ke1 Qxg1+ 27. Kd2 Qe3+ 28. Ke1 Qc3+ 29. Kf1 Nh2+ {Weighted Error Value: White=0.63/Black=0.27 (precise)} 0-1

[Event "Marienbad IM-III 2022"]
[Site "Marianske Lazne"]
[Date "2022.01.18"]
[Round "5.24"]
[White "Mannion, Stephen R"]
[Black "Kantorik, Marian"]
[Result "1/2-1/2"]
[WhiteElo "2267"]
[BlackElo "2209"]
[Annotator "RC"]
[PlyCount "22"]
[EventDate "2022.01.15"]
[EventType "tourn"]
[EventCountry "CZE"]
[SourceTitle "playchess.com"]
[Source "ChessBase"]
[SourceQuality "1"]
[TimeControl "40/5400+30:1800+30"]

1. e4 {[%emt 0:00:02]} c5 {[%emt 0:05:33]} 2. Nf3 {[%emt 0:00:08]} d6 {[%emt 0:00:14]} 3. d4 {[%emt 0:00:06]} cxd4 {[%emt 0:00:56]} 4. Nxd4 {[%emt 0:00:05]} Nf6 {[%emt 0:00:18]} 5. Nc3 {[%emt 0:00:06]} a6 {[%emt 0:00:09]} 6. f4 {[%emt 0:00:13]} e5 {[%emt 0:00:40]} 7. Nf3 {[%emt 0:00:14]} Nbd7 {[%emt 0:00:27]} 8. a4 {[%emt 0:00:36]} Be7 {[%emt 0:00:57]} 9. Bc4 {[%emt 0:00:21]} O-O {[%emt 0:03:25]} 10. O-O {[%emt 0:00:34]} Qc7 {[%emt 0:03:48]} 11. Qe2 {[%emt 0:01:04]} exf4 {[%emt 0:05:03]} 1/2-1/2

[Event "Marienbad IM-III 2022"]
[Site "Marianske Lazne"]
[Date "2022.01.18"]
[Round "5.25"]
[White "Bubalovic, Davorin"]
[Black "Schmider, Niklas"]
[Result "0-1"]
[WhiteElo "2220"]
[BlackElo "2330"]
[Annotator "TA"]
[PlyCount "96"]
[EventDate "2022.01.15"]
[EventType "tourn"]
[EventCountry "CZE"]
[SourceTitle "playchess.com"]
[Source "ChessBase"]
[SourceQuality "1"]

{[%evp 15,96,0,0,0,0,-3,7,23,25,-12,-12,-18,-17,-30,-30,-101,-77,-74,-77,-103,-60,-51,-54,-54,-49,-84,-46,-61,-67,-66,-56,-71,-34,-95,-95,-129,-104,-106,-112,-115,-104,-112,-109,-120,-88,-119,-97,-137,-87,-264,-267,-273,-186,-220,-180,-175,-189,-717,-731,-741,-725,-795,-612,-1030,-989,-1096,-1073,-1079,-643,-626,-616,-590,-552,-976,-968,-965,-940,-1220,-1225,-1545,-1553,-2469,-1922]} 1. e4 c5 2. Nf3 d6 3. d4 cxd4 4. Nxd4 Nf6 5. Nc3 a6 6. a4 e5 7. Nf3 Be7 8. Bc4 {8.Bg5 is the hot move.} Be6 9. Qe2 {B90: Sicilian Najdorf: Unusual White 6th moves, 6 Be3 Ng4 and 6 Be3 e5.} O-O 10. O-O h6 11. Be3 {The position is equal.} Qc7 12. Bxe6 fxe6 13. a5 Nbd7 14. Rfd1 {[#]} Qc6 $146 ({Predecessor:} 14... Rac8 15. h3 Qc6 16. Qd3 Nh5 17. Nd2 Nf4 18. Bxf4 Rxf4 19. Nb3 Nf8 20. f3 Rf7 {0-1 (42) Wittmann,W (2272)-Nguyen,H (2477) Budapest 2008}) 15. Bc1 (15. Qd3 $11 {keeps the balance.}) 15... Rac8 16. h3 Rfe8 17. Bd2 {[#]} Bf8 (17... d5 $1 $17 18. exd5 exd5) 18. Ne1 $15 d5 19. f3 Bd6 20. Kh1 Nf8 21. Rdc1 Ng6 22. Nd3 Nh5 {And now ...Ng3+ would win.} 23. Kh2 {Prevents Ng3.} Qc7 24. g4 (24. Na4 $15) 24... Nf6 $17 25. Be1 Qf7 {Black is more active.} 26. Bg3 h5 {[%cal Bh6h5,Bh5h4][%mdl 32]} 27. Rf1 h4 28. Be1 Nh7 29. Rc1 Rc4 30. Bd2 Rec8 31. Qd1 Qc7 (31... Be7 $142 32. Ne2 Rf8) 32. Ne1 $2 {[#] This move loses the game for White.} (32. exd5 $17 Nf6 33. Kg2) 32... Bb4 $1 $19 {[%cal Rb4c3]} ({Inferior is} 32... Qxa5 33. Nxd5 Qd8 34. Ne3 $11) 33. Kh1 ({Much weaker is} 33. exd5 e4+ 34. f4 e3 35. Bxe3 Nxf4 $19) 33... Qxa5 34. Nd3 Bxc3 35. Bxc3 Qc7 36. Rf2 $2 (36. exd5 exd5 37. Qe2) 36... dxe4 {Black is clearly winning.} 37. fxe4 Ng5 38. Re2 Nxe4 39. Be1 Qc6 {( -> ...Ng3+)} 40. Kh2 {To avoid Ng3} Ng5 41. Re3 {To avoid Qf3} Rxc2+ 42. Rxc2 Qxc2+ 43. Qxc2 Rxc2+ 44. Kh1 e4 45. Nf2 Nf3 {...Nge5 is the strong threat.} 46. Kg2 Nxe1+ 47. Rxe1 Nf4+ 48. Kf1 {[#]} Rxf2+ $1 {Weighted Error Value: White=0.89/Black=0.21 (precise)} 0-1

[Event "Marienbad IM-III 2022"]
[Site "Marianske Lazne"]
[Date "2022.01.19"]
[Round "6.21"]
[White "Jasny, Stanislav"]
[Black "Schmider, Niklas"]
[Result "1/2-1/2"]
[WhiteElo "2298"]
[BlackElo "2330"]
[Annotator "TA"]
[PlyCount "38"]
[EventDate "2022.01.15"]
[EventType "tourn"]
[EventCountry "CZE"]
[SourceTitle "playchess.com"]
[Source "ChessBase"]
[SourceQuality "1"]

{[%evp 20,25,0,0,0,2,13,6]} 1. Nf3 d5 2. e3 Nf6 3. c4 e6 4. d4 Be7 5. Bd3 O-O 6. Nbd2 c5 7. b3 cxd4 8. exd4 b6 9. O-O Bb7 10. Qe2 Nc6 11. Bb2 {The position is equal.} Nh5 {E14: Queen's Indian: Classical Variation (4 e3).} 12. Qe3 {Inhibits Nf4.} g6 13. Rac1 {[#] A rather calm draw.} {Predecessor:} Ng7 $146 14. Rfe1 Bf6 15. Qf4 Nh5 16. Qe3 Rc8 17. g3 Bg7 18. Ne5 Nf6 19. h3 Rc7 {0-1 (37) Munteanu,A (1982)-Szotkowski,J (2109) Prague 2012} 1/2-1/2

[Event "Marienbad IM-III 2022"]
[Site "Marianske Lazne"]
[Date "2022.01.19"]
[Round "6.22"]
[White "Kantorik, Marian"]
[Black "Bubalovic, Davorin"]
[Result "1-0"]
[WhiteElo "2209"]
[BlackElo "2220"]
[Annotator "TA"]
[PlyCount "119"]
[EventDate "2022.01.15"]
[EventType "tourn"]
[EventCountry "CZE"]
[SourceTitle "playchess.com"]
[Source "ChessBase"]
[SourceQuality "1"]

{[%evp 14,119,41,39,45,0,0,0,0,0,0,-44,-30,-25,-27,-20,-24,-32,26,21,29,19,22,28,32,24,30,29,23,17,83,68,103,95,103,100,97,97,111,110,87,95,117,110,219,211,214,185,185,185,185,185,184,178,222,159,125,126,147,188,241,238,320,320,320,318,320,319,319,319,4412,2540,2329,1906,8947,5177,7072,4816,2978,29952,29953,29954,29946,29952,29951,29953,29953,12787,29955,29952,29957,12381,29958,29961,29961,10580,8545,2995,29970,29966,29960,6111,29958,860,29983,29984,29984,29984]} 1. d4 Nf6 2. c4 g6 3. Nc3 Bg7 4. e4 d6 5. f3 O-O 6. Be3 c6 7. Nge2 Nbd7 8. Qd2 a6 {E81: King's Indian: Sämisch: 6th move deviations (including 6 Be3 c6).} 9. Nc1 (9. g4 $14) 9... b5 $11 10. Be2 bxc4 {The position is equal.} 11. Bxc4 d5 12. Be2 (12. exd5 $11 Nb6 13. Bb3) 12... e5 $15 13. exd5 Nxd5 14. Nxd5 cxd5 {[#]} 15. O-O $146 ({Predecessor:} 15. dxe5 Nxe5 16. O-O Nc4 17. Bxc4 dxc4 18. Qc2 Bf5 19. Qxc4 Bxb2 20. Nb3 Bd3 21. Qb4 Bxf1 22. Rxf1 {0-1 (28) Sonntag,H-Kunsztowicz,U (2350) Germany 1982}) 15... exd4 ({Better is} 15... a5 $15) 16. Bxd4 $11 Bb7 17. Bxg7 Kxg7 18. Nb3 Re8 19. Qd4+ (19. Rac1 {feels hotter.} Kg8 20. Rc2 Nf8 21. f4 Qb6+ 22. Qd4) 19... Qf6 (19... Kg8 {is more complex.} 20. Bd3 Bc6 21. Rac1 Bb5 22. Qxd5 Ne5) 20. Qxf6+ Kxf6 21. Kf2 Rac8 (21... Rec8 $11) 22. Rac1 Rxc1 23. Rxc1 Rc8 24. Rxc8 Bxc8 $16 {[%mdl 4096] Endgame KBN-KBN} 25. Ke3 Ke5 26. f4+ Kd6 27. Kd4 {To avoid Nc5. White is more active.} f6 28. Bf3 Bb7 (28... Nb6 $16) 29. Na5 $1 $18 Ba8 {[#]} 30. Nc4+ $1 {[%mdl 512]} dxc4 31. Bxa8 {KB-KN} Nb6 32. Bb7 a5 33. Ba6 Na4 (33... Nd5 {was worth a try.}) 34. Kxc4 {And now b3 would win.} Nxb2+ 35. Kb5 $1 Nd3 36. g3 {[%cal Bg2g3,Bg3f4][%mdl 32]} (36. Kxa5 $6 Nxf4 37. g3 Nd5 $11) 36... Nb4 {[#]} (36... Nc1 {might work better.}) 37. a4 $1 ({Worse is} 37. Kxa5 Nxa2 38. Kb5 Kd5 $11) 37... g5 38. Kxa5 Kc5 {[%cal Rb4c6]} 39. Bb7 gxf4 40. gxf4 f5 {[#]} 41. Bc8 $1 h6 $2 (41... Nd3 42. Bxf5 Nxf4) 42. Bxf5 Nd5 43. Ka6 Nxf4 44. a5 Nd5 45. Kb7 Nb4 46. Bd7 ({Inferior is} 46. a6 Nxa6 47. Kxa6 Kd6 $11) 46... Kd6 47. Bb5 Kc5 48. Bf1 Kd6 49. Be2 Kc5 {To avoid Bb5} 50. Kc7 ({And not} 50. a6 Nxa6 51. Bxa6 (51. Kxa6 Kd5 $11) 51... Kd6 $11) 50... Nd5+ 51. Kd7 Nf4 52. Bf1 {Intending Ke7 and mate.} h5 53. Ke7 Nd5+ 54. Kf7 h4 55. Kg6 {White threatens Kh5 and mate.} Nc7 56. Kh5 h3 57. Kh4 (57. Kg4 $142 Nd5 58. Kxh3 Nb4 59. Kg4 Nd5 60. h4 Nf6+ 61. Kf5 Nh5 62. Kg5) 57... Kb4 58. a6 {White wants to mate with a7.} Nxa6 59. Bxa6 Kc5 60. Kg5 {Weighted Error Value: White=0.05 (flawless) /Black=0.84} 1-0

[Event "Marienbad IM-III 2022"]
[Site "Marianske Lazne"]
[Date "2022.01.19"]
[Round "6.23"]
[White "Mica, Marek"]
[Black "Mannion, Stephen R"]
[Result "1/2-1/2"]
[WhiteElo "2303"]
[BlackElo "2267"]
[Annotator "TA"]
[PlyCount "49"]
[EventDate "2022.01.15"]
[EventType "tourn"]
[EventCountry "CZE"]
[SourceTitle "playchess.com"]
[Source "ChessBase"]
[SourceQuality "1"]

{[%evp 9,49,16,22,16,21,32,35,19,8,-1,9,7,18,12,11,2,32,32,38,15,37,13,37,44,50,3,30,0,0,0,6,0,0,0,0,0,0,0,0,0,0,-3]} 1. c4 e5 2. Nc3 Bb4 3. Nd5 Bc5 4. e3 Nf6 5. b4 Be7 6. Bb2 {[#] A21: English Opening: 1...e5 2 Nc3.} c6 $146 ({Predecessor:} 6... d6 7. Ne2 Nxd5 8. cxd5 O-O 9. g3 a5 10. bxa5 Rxa5 11. Bg2 Nd7 12. Bc3 Ra6 {0-1 (92) Ivanisevic,I (2602)-Saric,I (2646) Chess.com INT 2020}) 7. Nxe7 Qxe7 8. Qb3 {White is slightly better.} O-O 9. d4 exd4 10. Bxd4 d6 11. Nf3 c5 12. Bb2 Nc6 13. b5 Ne5 14. Be2 b6 15. O-O Bb7 16. Nxe5 (16. Nd2 {is more complex.} Rad8 17. f3 d5 18. Rfe1 Rfe8 19. cxd5 Bxd5 20. Qc2) 16... dxe5 17. f3 (17. Qc3 $14) 17... Rfd8 18. Rfd1 Ne8 $1 {The position is equal.} 19. a4 {[%cal Ba2a4,Ba4a5][%mdl 32]} f6 20. a5 Rxd1+ 21. Rxd1 Rd8 22. Ra1 Bc8 23. axb6 axb6 24. Bc3 Nd6 25. Kf2 {Weighted Error Value: White=0.09 (flawless) /Black=0.06 (flawless)} 1/2-1/2

[Event "Marienbad IM-III 2022"]
[Site "Marianske Lazne"]
[Date "2022.01.19"]
[Round "6.24"]
[White "Dev, Shah"]
[Black "Pourquet, Matthieu"]
[Result "1-0"]
[WhiteElo "2243"]
[BlackElo "2169"]
[Annotator "TA"]
[PlyCount "84"]
[EventDate "2022.01.15"]
[EventType "tourn"]
[EventCountry "CZE"]
[SourceTitle "playchess.com"]
[Source "ChessBase"]
[SourceQuality "1"]

{[%evp 9,84,26,35,29,30,30,29,30,26,12,42,45,44,41,43,18,12,-13,13,-31,40,25,36,32,40,-18,0,0,0,-33,-35,-37,-37,-42,-30,-35,-33,-41,-35,-50,-39,-62,-35,-50,-57,-68,-67,-69,-83,-102,-74,-114,-114,-114,-114,-114,-114,-189,-193,-191,-87,-216,-222,-207,-141,-377,-355,-982,-1001,-998,-1012,-1018,-1003,-987,-990,-989,-993]} 1. d4 Nf6 2. c4 e6 3. Nf3 a6 4. Nc3 d5 5. cxd5 exd5 6. Bg5 {[%cal Bc1g5,Bg5h4,Bh4g3,Bg3e5][%mdl 32] D37: Queen's Gambit Declined: 5 Bf4.} Be6 7. e3 Nbd7 8. Bd3 {White has an edge.} h6 9. Bh4 g5 10. Bg3 Nh5 11. Be5 Nhf6 12. h3 Nxe5 13. Nxe5 Nd7 {[#]} 14. O-O $146 (14. Nxd7 $11 {might be stronger.} Qxd7 15. O-O) ({Predecessor:} 14. Nf3 Bg7 15. Qc2 Qe7 16. O-O-O O-O-O 17. e4 Nb6 18. Rhe1 dxe4 19. Bxe4 Qb4 20. Bf5 Bxf5 21. Qxf5+ {½-½ (27) Sedlak,N (2572)-Nagy,G (2484) Mali Losinj 2019}) 14... Bd6 (14... Nxe5 $15 15. dxe5 c6) 15. f4 $1 $14 gxf4 16. exf4 Qh4 $1 17. Qf3 (17. Qe1 $14 Qxe1 18. Raxe1 (18. Rfxe1 Nxe5 19. dxe5 Bc5+ 20. Kh2 O-O-O $11) 18... Nxe5 19. fxe5) 17... O-O-O 18. Ne2 ({Avoid the trap} 18. Nxd5 $2 Nxe5 19. dxe5 Bc5+ 20. Kh2 Bxd5 $19) 18... Rhg8 {Threatens to win with ...Bxh3.} 19. Kh1 (19. f5 $5 {[%cal Rf5e6]} Bxe5 20. dxe5 Nxe5 21. Qe3 Nxd3 22. fxe6 $11) 19... f5 20. Kh2 Nf6 21. g3 Qh5 22. Qxh5 Nxh5 23. Rf2 Rg7 24. Rg1 {[%cal Od3f5]} Nf6 25. Nc3 Rdg8 26. Nd1 Ne4 27. Bxe4 dxe4 ({Much worse is} 27... fxe4 28. f5 Bd7 29. Ne3 $11) 28. Ne3 h5 {To avoid g4} 29. Rfg2 Kd8 {[%cal Bc8d8,Bd8e7,Be7f6][%mdl 32]} 30. Rc1 c6 31. b3 Ke7 32. Rcc2 Kf6 33. Rcf2 (33. Rc1 $17 {keeps fighting.}) 33... Bb4 $19 {...Be1 is the strong threat.} 34. Rc2 {[#]} Rd8 (34... Be1 $1 $19 {[%cal Re1g3]} 35. Nf1 Rd8) 35. Rc1 (35. g4 $17) 35... Rxd4 {aiming for ...Bd2.} 36. Nc2 c5 37. a3 $2 {This move loses the game for White.} (37. Nxb4 $17 {was called for.} cxb4 38. Re2) 37... Bc3 ({But not} 37... Bd2 $2 38. Rd1 Bc3 39. Nxd4 cxd4 40. Rc1 $19) 38. Ne3 $2 {[#]} (38. Nxd4 cxd4 39. b4) 38... Bd2 {A strong pair of Bishops. Black is clearly winning.} 39. Rxc5 Bxe3 40. Rc3 Bd2 41. Rc2 Ba5 42. b4 Bc7 {[%mdl 32768] Weighted Error Value: White=0.40/Black=0.13 (very precise) . Loss on time!?} 1-0

[Event "Marienbad IM-III 2022"]
[Site "Marianske Lazne"]
[Date "2022.01.19"]
[Round "6.25"]
[White "Krawczyk, Flawian"]
[Black "Hollan, Martin"]
[Result "1-0"]
[WhiteElo "2114"]
[BlackElo "2361"]
[Annotator "TA"]
[PlyCount "71"]
[EventDate "2022.01.15"]
[EventType "tourn"]
[EventCountry "CZE"]
[SourceTitle "playchess.com"]
[Source "ChessBase"]
[SourceQuality "1"]

{[%evp 14,71,75,0,0,0,0,0,0,0,0,0,7,-7,-1,-4,0,0,0,-11,0,19,19,-27,0,-19,-20,-18,-11,-26,-21,-27,68,52,49,49,255,195,197,195,195,189,194,187,260,258,465,483,442,372,357,326,29987,29988,29991,1677,29993,29994,29994,5606]} 1. d4 Nf6 2. c4 e6 3. Nf3 b6 4. g3 Ba6 5. b3 d5 6. Bg2 dxc4 7. Ne5 Bb4+ {[#]} 8. Bd2 {White is more active.} (8. Kf1 $1 $16 c6 9. Nxc6 Nxc6 10. Bxc6+ Ke7 11. Bxa8 Qxa8 12. f3) 8... cxb3 $1 $11 {E15: Queen's Indian: 4 g3 sidelines, 4 g3 Ba6 and 4 g3 Bb7 early deviations.} 9. axb3 (9. Bxa8 $2 b2 10. Nc3 (10. Qa4+ $2 Nfd7 $19) 10... bxa1=B 11. Qxa1 Qxd4 $19) 9... Bxd2+ ({Much less strong is} 9... Qxd4 10. Nc6 (10. Bxb4 Qxb4+ 11. Kf1 Qc5 $11) 10... Qxa1 11. Nxb4 (11. Bxb4 Nd5 $15) 11... Bxe2 12. Kxe2 Qe5+ 13. Kf1 $16) 10. Qxd2 Nd5 {[%cal Bf6d5,Bd5e7,Be7f5][%mdl 32] The position is equal.} 11. O-O O-O 12. Rc1 Bb7 13. Nc3 c6 {[#]} 14. e4 $146 ({Predecessor:} 14. Nxd5 cxd5 15. Qf4 Na6 16. Nc4 Nb4 17. Nd6 Bc6 18. Rc3 Qd7 19. e4 dxe4 20. Rxc6 Nxc6 21. Bxe4 {0-1 (28) Ivan,Z (2220)-Farago,I (2475) Pecs 1998}) 14... Ne7 15. Nc4 a5 16. e5 Nf5 {Prevents Nd6.} 17. Rd1 Na6 18. Ne4 (18. Na4 $142 $1) 18... Ra7 (18... Nb4 {seems wilder.} 19. Bh3 Bc8 20. f4 Ne7 21. Ncd6 Ba6) 19. Ned6 (19. Qg5 {is interesting.} Nb4 20. Qxd8 Rxd8 21. Nxb6 Nxd4 22. Rd2) 19... Nxd6 20. Nxd6 Ba8 21. f4 {[%cal Bf2f4,Bf4f5][%mdl 32]} Rd7 22. f5 Rxd6 (22... exf5 $11 23. Qd3 (23. Nxf5 Nc5 $15) 23... Nb4 24. Qxf5 Bb7) 23. exd6 (23. f6 {looks sharper.} h6 24. fxg7 Kxg7 25. exd6 Qxd6 26. Qc3) 23... Qxd6 24. f6 {[#] White wants to mate with Qg5.} e5 $2 {Black cannot hold the game after this.} ({Black should try} 24... Rd8 $14) 25. dxe5 $40 {[%mdl 128] White is out for blood.} Qxe5 26. fxg7 Qxg7 27. Rac1 {[%cal Od2d8]} Nc5 28. Qe3 {[%mdl 1024] White has strong compensation.} f5 (28... Qg6 $142 29. Rc4 Bb7) 29. Rd4 $18 Qf7 $2 (29... Bb7 30. b4 axb4 31. Rxb4 Qc7 32. Qg5+ Kh8) 30. Rcd1 Qe6 31. Qf4 {Rd8 is the strong threat.} Qe7 {Prevents Rd8.} 32. Rd6 {Black must now prevent Bf1.} Nxb3 $2 (32... b5 $18 33. Bh3 Ne4) 33. Rd7 Qe6 34. Rd8 (34. R1d6 $142 Qxd6 35. Rxd6 Nc5 36. Qg5+ Kh8 37. Rd8 Rxd8 38. Qxd8+ Kg7 39. Qxa8) 34... Bb7 35. Qg5+ Qg6 36. Qe7 {Weighted Error Value: White=0.14 (very precise) /Black=0.66} (36. Rxf8+ $142 Kxf8 37. Rd8+ Kg7 38. Rd7+ Kh8 39. Qd8+ Qg8 40. Qf6+ Qg7 41. Qxg7#) 1-0